Santiago Masarnau Fernández (Record no. 172283)

MARC details
000 -LEADER
campo de control de longitud fija 00760nam a22002175i 4500
001 - NÚMERO DE CONTROL
campo de control 172283
003 - IDENTIFICADOR DE NÚMERO DE CONTROL
campo de control ES-MaACL
005 - FECHA Y HORA DE LA ÚLTIMA TRANSACCIÓN
campo de control 20230906214848.0
008 - DATOS DE LONGITUD FIJA--INFORMACIÓN GENERAL
campo de control de longitud fija 090623s2005 sp |||| | spa d
080 ## - NÚMERO DE LA CLASIFICACIÓN DECIMAL UNIVERSAL
Número de la Clasificación Decimal Universal 929 Masarnau, Santiago
080 ## - NÚMERO DE LA CLASIFICACIÓN DECIMAL UNIVERSAL
Número de la Clasificación Decimal Universal 267.25
100 1# - ENTRADA PRINCIPAL--NOMBRE DE PERSONA
Nombre de persona Candelas, María Teresa.
9 (RLIN) 140827
245 10 - MENCIÓN DEL TÍTULO
Título Santiago Masarnau Fernández
Resto del título : testamento espiritual /
Mención de responsabilidad, etc. por María Teresa Candelas.
260 ## - PUBLICACIÓN, DISTRIBUCIÓN, ETC.
Lugar de publicación, distribución, etc. [S.l.] :
Nombre del editor, distribuidor, etc. Sociedad de San Vicente Paul, Consejo Superior,
Fecha de publicación, distribución, etc. [2005?]
300 ## - DESCRIPCIÓN FÍSICA
Extensión 21 p. ;
Dimensiones 21 cm.
600 14 - PUNTO DE ACCESO ADICIONAL DE MATERIA--NOMBRE DE PERSONA
Nombre de persona Masarnau, Santiago,
Fechas asociadas al nombre 1805-1882
9 (RLIN) 78669
610 14 - PUNTO DE ACCESO ADICIONAL DE MATERIA--NOMBRE DE ENTIDAD CORPORATIVA
Nombre de entidad corporativa o nombre de jurisdicción como elemento de entrada Sociedad de San Vicente de Paúl.
9 (RLIN) 6693
710 2# - ENTRADA AGREGADA--NOMBRE DE ENTIDAD CORPORATIVA
Nombre de entidad corporativa o nombre de jurisdicción como elemento de entrada Sociedad de San Vicente de Paúl.
9 (RLIN) 6693
852 ## - LOCALIZACIÓN
Ubicación ES-MaACL
Número de control de estantería 2251-F-14
itemnumber R.145067
Holdings
Estatus retirado Estado de pérdida Estado de daño No para préstamo Colección Biblioteca de origen Biblioteca actual Ubicación en estantería Fecha de adquisición Fuente de adquisición Total de préstamos Signatura topográfica completa Código de barras Visto por última vez Precio de reemplazo Tipo de ítem Koha
        Colección de folletos Biblioteca del Ateneo de Madrid Biblioteca del Ateneo de Madrid Depósito folletos 23/06/2009     2251-F-14 1180799 23/02/2023 23/02/2023 Folleto